| 000 | 01566nam0a22002771 4500 | ||
|---|---|---|---|
| 001 | rc\3542712 | ||
| 005 | 20260407050504.0 | ||
| 021 |
_aRU _b[73-28166] |
||
| 035 | _a(NLR Aleph) 007670522 | ||
| 090 |
_a6428961 _c6428961 |
||
| 100 | _a20130115d1972 |||y0rusy50 ca | ||
| 101 | 0 | _arus | |
| 102 | _aRU | ||
| 105 | _aa z ||||| | ||
| 200 | 1 |
_aВопросы методики диагностики нефтепроизводящих свит _eМатериалы первой сессии подсекции по нефти и газу сиб. секции Межвед. совета по проблеме "Науч. основы геохим. методов поисков месторождений полезных ископаемых". (17-19 янв. 1972 г.) _fАН СССР. Сиб. отд-ние. Ин-т геологии и геофизики |
|
| 210 |
_aНовосибирск _cБ. и. _d1972 |
||
| 215 |
_a84 с., 1 л. схем. _cчерт. _d20 |
||
| 320 | _aСписки лит. в конце докл. | ||
| 606 |
_aНефть _xПроисхождение _jСборники _2psbo |
||
| 606 |
_aНефть _xГеохимия _jСборники _2psbo |
||
| 712 | 0 | 2 |
_aМеждуведомственный совет по проблеме "Научные основы геохимических методов поисков месторождений полезных ископаемых" _cМосква _3RU\NLR\AUTH\8810019513 _9536915 |
| 801 | 0 |
_aRU _bNLR _gpsbo |
|
| 801 | 1 |
_aRU _bELAR _2rusmarc |
|
| 852 |
_aNLR _j73-4/9052 |
||
| 942 | _cBOOK | ||
| 980 | _aNB | ||